000 00506cam a2200193 4500
001 D6103
008 090401t1983 xxu||||| |||| 00| 0 eng d
035 _a(Sirsi) u85318
041 _aeng
050 _a624.176
100 _aJeary, A.P.
245 _aDetermining the probable dynamic response of suspended floors
260 _aGarston, Herts
_bBuilding Research Establishment
_c1983
300 _a4p. 30cm
350 _a0
490 _aInformation Paper
_v17/83
942 _n0
948 _c04/03/1997
999 _c97028
_d97028